| 000 | 00444nab a2200145Ia 4500 | ||
|---|---|---|---|
| 003 | ES-SlBCS | ||
| 005 | 20210601130448.0 | ||
| 008 | 140529s1958 xxu||||| |||| 00| 0 fre d | ||
| 041 | _afre | ||
| 100 | 1 |
_aÉcole, Jean _957013 |
|
| 245 | 0 | 0 |
_aLe problème de Dieu dans la philosophie de M. Sartre _c Jean École |
| 600 | 1 | 4 |
_aSartre-Dios _9157014 |
| 773 | 0 |
_tGiornali di Metafisica _gvol. 13, nº. 5, 1958, págs. 606-618 _w0017-0372 |
|
| 942 | _cAR | ||
| 999 |
_c547079 _d547079 |
||